Guía de juegos escolares con compañeros: fuerza-potencia-atención
সংরক্ষণ করুন:
| প্রধান লেখক: | , |
|---|---|
| বিন্যাস: | গ্রন্থ |
| ভাষা: | স্প্যানিশ |
| প্রকাশিত: |
Madrid
Gymnos
1995
|
| বিষয়গুলি: | |
| ট্যাগগুলো: |
ট্যাগ যুক্ত করুন
কোনো ট্যাগ নেই, প্রথমজন হিসাবে ট্যাগ করুন!
|
MARC
| LEADER | 00000nam a2200000 a 4500 | ||
|---|---|---|---|
| 001 | UCP5441 | ||
| 003 | CL-VaPUC | ||
| 008 | 990910e19950000SP |||||||||||||||||spa|d | ||
| 082 | 0 | 4 | |a 796.1 |b LUQ |2 21 |
| 100 | |a Luque Hoyos, Francisco |e autor |9 433843 | ||
| 700 | 0 | |a Luque Tabernero, Sergio |e author |9 433842 | |
| 245 | 1 | 0 | |a Guía de juegos escolares con compañeros: fuerza-potencia-atención |
| 300 | |a 156 p | ||
| 942 | |c BK | ||
| 945 | |d 19990910 00:00:00 |a rbrito | ||
| 260 | |a Madrid |b Gymnos |c 1995 | ||
| 650 | 0 | |a Juegos infantiles |9 307365 | |
| 650 | 0 | |a Educación física |9 240893 | |
| 650 | 0 | |a Deportes |9 224367 | |
| 650 | 0 | |a Aptitud motora |9 307353 | |
| 650 | 7 | |a MOTRICIDAD |2 CL-VaPUC |9 307419 | |
| 583 | |a last modification |c 19990910 00:00:00 |k Rodrigo Vera | ||
| 999 | |c 283190 |d 283188 | ||
| 952 | |0 0 |1 0 |4 0 |6 796_100000000000000_LUQ_1995 |7 0 |8 A |9 326050 |a BIBEDU |b BIBEDU |d 2019-11-20 |i 3560988 |o 796.1 LUQ 1995 |p 3560988 |r 2019-11-20 |w 2019-11-20 |y BK |k BME | ||